| 000 | 00878nam a2200217 a 4500 | ||
|---|---|---|---|
| 001 | 23250 | ||
| 003 | CO-ViMGA | ||
| 008 | 141112s2004 ck r 000 u spa d | ||
| 020 | _a9789586538282 | ||
| 040 |
_aCO-ViMGA _bspa _cCO-ViMGA |
||
| 082 | 0 | 4 | _a657.61 C656r |
| 110 | _aColombia. Contaduria General de la Nación | ||
| 245 | 1 | 0 | _aRegimen de Contabilidad Pública |
| 250 | _a2 | ||
| 260 |
_aColombia : _bLegis, _c2010 |
||
| 300 | _a663 p. | ||
| 505 | _aParte 1 : Regimen de Contabilidad Pública, libro I : Plan General de Contabilidad Pública; Libro II : Manual de procedimientos. Parte 2 : Ente regulador y responsable de la información contable pública instituciones. Parte 3 : Instrumentos de apoyo a la gestión fienanciera pública. | ||
| 650 | 1 | 4 |
_aContabilidad - Colombia - Normas _933486 |
| 650 | 1 | 4 |
_aContaduria publica - Colombia _933487 |
| 942 |
_2ddc _cBK |
||
| 999 |
_c31487 _d31487 |
||